| 000 | 00424nam a22001697a 4500 | ||
|---|---|---|---|
| 999 |
_c233108 _d233108 |
||
| 003 | Nust | ||
| 005 | 20200820154234.0 | ||
| 008 | 170302b xxu||||| |||| 00| 0 eng d | ||
| 038 | _aAZHAR | ||
| 040 | _c0 | ||
| 082 |
_a891.439308 _bHAM |
||
| 100 | _4Zakia Arshad Hameed | ||
| 245 |
_aQissa apni shanakhat ka _cZakia Arshad Hameed |
||
| 260 |
_aRawalpindi _bMatbooaat sulemania _c2006 |
||
| 300 | _a248p | ||
| 942 |
_2ddc _cBK |
||